000 00714nam a2200253Ia 4500
003 OSt
005 20220923220711.0
006 a|||||r|||| 00| 0
007 ta
008 220922b |||||||| |||| 00| 0 hin d
020 _c8
024 _a189,349
037 _cTextual
040 _aARTS
_cARTS
_bhin
041 _2hin
_ahin
082 _aO152,3N25,DE, L6
100 _aलाल, लक्ष्मीनारायण
245 0 _aदेवीना
246 _aDevīnā
260 _c1976
650 _aहिन्दी साहित्य
_9156264
942 _hO152,3N25,DE, L6
_cTEXL
_2CC
999 _c342192
_d342192